书目信息 |
| 题名: |
星际航行概论
|
|
| 作者: | 钱学森 著 | |
| 分册: | ||
| 出版信息: | 北京 科学出版社 1963.2 |
|
| 页数: | 306页 | |
| 开本: | 26cm | |
| 丛书名: | ||
| 单 册: | ||
| 中图分类: | V4 | |
| 科图分类: | ||
| 主题词: | 航天 , 宇宙--飞行 | |
| 电子资源: | ||
| ISBN: | ||
| 000 | 00533nam0 2200205 45 | |
| 001 | 0312221749 | |
| 005 | 20031222170903.1 | |
| 010 | @dCNY3.10 | |
| 100 | @a20031222d1963 km y0chiy0120 ea | |
| 101 | @achi | |
| 105 | @a z 000yy | |
| 200 | 1 | @a星际航行概论@AXing Ji Hang Xing Gai Lun@f钱学森著@FQian Xue Sen Zhu |
| 210 | @a北京@c科学出版社@d1963.2 | |
| 215 | @a306页@d26cm | |
| 606 | 0 | @a航天 |
| 606 | 0 | @a宇宙@x飞行 |
| 690 | @aV4@v3 | |
| 701 | 0 | @a钱学森@4著 |
| 801 | @aCN@bTSTCL@c20031222 | |
| 905 | @a213230@dV4@e10@b245212@f1 | |
| 星际航行概论/钱学森著.-北京:科学出版社,1963.2 |
| 306页;26cm |
| ISBN :CNY3.10 |
| ● |
| 相关链接 |
|
|
|
|
正题名:星际航行概论
索取号:V4/10
 
预约/预借
| 序号 | 登录号 | 条形码 | 馆藏地/架位号 | 状态 | 备注 |
| 1 | 0245212 | 000561154 | 第二样本阅览室/ [索取号:V4/10] | 在馆 |